| 000 | 01196nam a2200325 i 4500 | ||
|---|---|---|---|
| 003 | EG-GICUC | ||
| 005 | 20260331113345.0 | ||
| 008 | 251220s1942 iq ||||fr|||| 00| 0 ara d | ||
| 040 |
_a EG-GICUC _bara _c EG-GICUC _d EG-GICUC _erda |
||
| 041 | _aara | ||
| 082 | 0 | 4 |
_221 _a343.623 _bا ح . ع |
| 092 | 0 | 4 | _221 |
| 099 | _aLaw1 10 343.623 ا ح . ع 1942 | ||
| 100 | 0 |
_aاحمد عزت راجح _eمؤلف. |
|
| 245 | 1 | 0 |
_aعلم النفس الجنائى : _nالجزء الاول، _pعلم الاجرام / _cمحمد فتحى. |
| 264 | 1 |
_aبغداد : _b1942. _c1942. |
|
| 300 |
_a425 ؛ صفحة _c24 سم. |
||
| 336 |
_2rda content _atext |
||
| 337 |
_2rda media _aComputer |
||
| 338 |
_2rda carrier _aOnline Resource |
||
| 504 | _aيحتوي على اراجاعات ببليوجرافية | ||
| 546 | _aالنص أغلبه باللغة العربية مع بعض النصوص الإنجليزية | ||
| 650 | 1 | 4 |
_aعلم النفس الجنائى. _2qrmak |
| 650 | 1 | 4 |
_aالإتجاة النفساني _2qrmak |
| 650 | 1 | 4 | _aعلم الاجرام |
| 651 | 1 | _2qrmak | |
| 856 | 4 | 0 | _uhttps://fll.law.cu.edu.eg/fulltext/bks/B10-09077.pdf |
| 905 | _a75 | ||
| 942 |
_2ddc _n0 _cBK _e21 |
||
| 999 |
_c52022 _d52022 |
||